000 00406nam a2200133Ia 4500
008 151001s9999||||xx |||||||||||||| ||und||
100 _aग रा टिकेकर
245 _aनिलगिरीच्या जंगलात साहसी सुनीलकुमार
250 _a1
260 _bअरगडे कुलकर्णी
260 _c1967
300 _a119
365 _b7
999 _c955189
_d955186